LEADER 01106nam0-2200361---450- 001 990009526230403321 005 20120213110620.0 010 $a88-8265-364-1 035 $a000952623 035 $aFED01000952623 035 $a(Aleph)000952623FED01 035 $a000952623 100 $a20120208d2006----km-y0itay50------ba 101 0 $aita 102 $aIT 105 $aa-------001yy 200 1 $a<>'ozi' di Ercole$eresidenze di lusso a Pompei ed Ercolano$fFabrizio Pesando, Maria Paola Guidobaldi 210 $aRoma$cL'Erma di Bretschneider$d2006 215 $a312 p.$cill.$d25 cm 225 1 $aStudia archaeologica$v143 610 0 $aAbitazioni$aPompei$aSec. 3.-1. a.C. 610 0 $aAbitazioni$aErcolano$aSec. 3.-1. a.C. 676 $a722.7$v22$zita 676 $a937.7$v22$zita 700 1$aPesando,$bFabrizio$0171330 701 1$aGuidobaldi,$bMaria Paola$07915 801 0$aIT$bUNINA$gREICAT$2UNIMARC 901 $aBK 912 $a990009526230403321 952 $a722.7 PES 1$bDip.Dis.Stor. 12776$fFLFBC 959 $aFLFBC 996 $aOzi' di Ercole$9855862 997 $aUNINA LEADER 02573 am 2200829 n 450 001 9910338228003321 005 20181219 010 $a979-1-03-651645-0 024 7 $a10.4000/books.pulg.3503 035 $a(CKB)4100000009163531 035 $a(FrMaCLE)OB-pulg-3503 035 $a(oapen)https://directory.doabooks.org/handle/20.500.12854/43030 035 $a(PPN)238687937 035 $a(EXLCZ)994100000009163531 100 $a20190903j|||||||| ||| 0 101 0 $afre 135 $auu||||||m|||| 181 $ctxt$2rdacontent 182 $cc$2rdamedia 183 $acr$2rdacarrier 200 10$aCharlemagne et l?épopée romane. Tome I /$fMadeleine Tyssens, Claude Thiry 210 $aLiège $cPresses universitaires de Liège$d2018 215 $a1 online resource (290-[2] p.) 311 $a2-251-66225-1 606 $aHistory 606 $aMedieval & Renaissance Studies 606 $atradition 606 $aiconographie 606 $acarolingien 606 $aCharlemagne 606 $aChanson de Roland 606 $alittérature romane 610 $aiconographie 610 $aChanson de Roland 610 $aCharlemagne 610 $atradition 610 $alittérature romane 610 $acarolingien 615 4$aHistory 615 4$aMedieval & Renaissance Studies 615 4$atradition 615 4$aiconographie 615 4$acarolingien 615 4$aCharlemagne 615 4$aChanson de Roland 615 4$alittérature romane 700 $aChicoy-Dabán$b J. Ignacio$01305521 701 $aColliot$b Régine$01305522 701 $aDelbouille$b Maurice$0197958 701 $aFolz$b Robert$0181421 701 $aHalvorsen$b Eyvind Fjeld$01305523 701 $aHorrent$b Jacques$0174706 701 $aHorrent$b Jules$0174707 701 $aJoris$b André$0526243 701 $aKibler$b William W$0173031 701 $aKrauss$b Henning$0152111 701 $aLarmat$b Jean$0469698 701 $aPiron$b Maurice$0454074 701 $aStiennon$b Jacques$0197981 701 $aSuard$b François$0386592 701 $aSubrenat$b Jean$0169500 701 $aThiry$b Claude$0192687 701 $aTyssens$b Madeleine$0166828 701 $avan Emden$b Wolfgang G$01305524 701 $aWathelet-Willem$b Jeanne$0192693 701 $aTyssens$b Madeleine$0166828 701 $aThiry$b Claude$0192687 801 0$bFR-FrMaCLE 906 $aBOOK 912 $a9910338228003321 996 $aCharlemagne et l?épopée romane. Tome I$93027907 997 $aUNINA